| 000 | 00342nam a2200121Ia 4500 | ||
|---|---|---|---|
| 008 | 250110s9999 xx 000 0 und d | ||
| 041 | _aeng | ||
| 100 |
_aHerwadkar Ketaki _9182563 |
||
| 245 | _aTemple Complex At Divar Island Goa | ||
| 260 |
_bFinal Year B. Arch, BNCA _c2014 |
||
| 300 | _a86p | ||
| 700 |
_aGuide Name:Pendse Sanjeevani _9210236 |
||
| 999 |
_c363428 _d363428 |
||